02987nam a2200313uu 4500001000800000005001700008008004100025020001800066035001200084040001300096041000800109080000700117100002800124245004800152250001700200260004400217300001800261505084800279520131801127650001702445650001502462650003602477650001402513650001902527650003402546650003002580700003202610700003102642153957020260508094041.0191211s2017 spa  a9788494690723 a1539570 ccomduadb aspa aRG10aOdent, Michel4auteaut10aSobrevivir a la medicina. ¿Hasta cuándo? a1. edición aTenerife (España) :bOb Stare,c2017. a177 páginas aCONTENIDO: Capítulo 1. La neutralización de las leyes de la selección natural. -- Capítulo 2. Un nuevo enfoque en la crítica de la medicina. -- Capítulo 3. Una pregunta absurda. -- Capítulo 4. Una pregunta sensata. -- Capítulo 5. Una pregunta sin sentido. -- Capítulo 6. Primalhealthresearch.com. -- Capítulo 7. Investigación y curiosidad científicas. -- Capítulo 8. Tendiendo puentes entre las distintas perspectivas científicas. -- Capítulo 9. Mientras tanto. -- Capítulo 10. El homo ludens desde la perspectiva de la investigación en salud primal. -- Capítulo 11. Al borde del precipicio. -- Capítulo 12. Los contrastes entre ciencia y tradición. -- Capítulo 13. Parirás con dolor. -- Capítulo 14. La revolución simbiótica ¿llegará a suceder?. -- Capítulo 15. El sexo de los ángeles.3 aLa neutralización de las leyes de la selección natural es un hecho indiscutible, no una opinión. Mediante cálculos matemáticos relativamente simples podríamos llegar a la conclusión de que con la llegada de una medicina cada vez más eficaz aumentará constantemente la proporción de seres humanos cada vez más dependientes de la medicina. ¡Estamos llegando a una fase de la historia de la ciencia en la que será teóricamente posible transformar una especie con modificaciones hereditarias del genoma! ¿Debemos abrir la puerta a los "seres humanos genéticamente modificados"? Es fácil prever el nacimiento de una nueva era de eugenismo. En este nuevo marco, no serán las instituciones gubernamentales quienes tomen las decisiones, sino la propia familia. Dejando a un lado el sexo y la ausencia de enfermedades genéticas, ¿qué características van a ser las deseables por los progenitores? ¿La inteligencia? ¿El talento artístico? ¿La esperanza de vida? ¿El tipo de cuerpo? ¿La belleza? ¿Podemos imaginar, por ejemplo, que llegue un momento en la historia en el que esté de moda seleccionar a bebés portadores de genomas con una alta capacidad de empatía? ¡Estamos flirteando con la utopía! Nada es más poderoso que una idea a la que le ha llegado su hora. aSalud primal aNacimiento aParto - Aspectos psicológicos 7aAutismo2 7aObesidad2lemb aParto - Aspectos históricos aParto - Aspectos sociales10aMedina Roca, Joan4trletrl10aRoca Riera, Rosa4trletrl